ბათუმის შოთა რუსთაველის სახელმწიფო უნივერსიტეტის ბიბლიოთეკა

რჩეული ნაწარმოებები 5 ტომად. მტ.4 (ბიბ.ჩანაწერი № 48674)

000 -LEADER
fixed length control field 01329nam a2200229Ia 4500
001 - CONTROL NUMBER
control field 15574
003 - CONTROL NUMBER IDENTIFIER
control field GE_BSU
008 - FIXED-LENGTH DATA ELEMENTS--GENERAL INFORMATION
fixed length control field 181216s||||||||xx |||||||||||||| ||und||
040 ## - CATALOGING SOURCE
Transcribing agency GE_BSU
080 ## - UNIVERSAL DECIMAL CLASSIFICATION NUMBER
Universal Decimal Classification number 821.353.1 + 821.353.1-92 + 821.353.1.09
100 ## - MAIN ENTRY--PERSONAL NAME
Personal name წერეთელი, ა.
245 ## - TITLE STATEMENT
Title რჩეული ნაწარმოებები 5 ტომად. მტ.4
245 ## - TITLE STATEMENT
Remainder of title პუბლიცისტური და კრიტიკული წერილები
245 ## - TITLE STATEMENT
Statement of responsibility, etc. შემდგ.-რედ.: გურამ გვერდწითელი, ემზარ კვიტაიშვილი
260 ## - PUBLICATION, DISTRIBUTION, ETC.
Place of publication, distribution, etc. თბილისი
260 ## - PUBLICATION, DISTRIBUTION, ETC.
Name of publisher, distributor, etc. საბჭ. საქართველო
260 ## - PUBLICATION, DISTRIBUTION, ETC.
Date of publication, distribution, etc. 1988
300 ## - PHYSICAL DESCRIPTION
Extent 493 გვ.20სმ.
653 ## - INDEX TERM--UNCONTROLLED
Uncontrolled term ახირებული ფურცელი; რამოდენიმე სიტყვა "ჩანგურის" შესახებ; რამოდენიმე სიტყვა შესახებ ბ. ჯორჯაძისა; პირველი და უკანასკნელი სიტყვა "დროებისადმი" და სხვ.
653 ## - INDEX TERM--UNCONTROLLED
Uncontrolled term პუბლიცისტური და კრიტიკული წერილები
942 ## - ADDED ENTRY ELEMENTS (KOHA)
Koha item type წიგნი
ეგზემპლარები
Withdrawn status Lost status Damaged status Not for loan Date acquired Barcode Date last seen Price effective from Koha item type
        2018-12-17 38799 2018-12-17 2018-12-17 წიგნი